[Event "Aragon-chT Preferente Gr II"]
[Site "Aragon"]
[Date "2023.03.25"]
[Round "9.58"]
[White "Muro Turon, Raul"]
[Black "Veras Sanz, Marino"]
[Result "1-0"]
[WhiteElo "1813"]
[BlackElo "2054"]
[PlyCount "55"]
[EventDate "2023.01.28"]
[EventType "team-tourn"]
[EventRounds "9"]
[EventCountry "ESP"]
[SourceTitle "EXT 2024"]
[Source "ChessBase"]
[SourceDate "2023.10.10"]
[SourceVersion "1"]
[SourceVersionDate "2023.10.10"]
[SourceQuality "1"]
[WhiteTeam "Tauste"]
[BlackTeam "El Olivar II"]
[WhiteTeamCountry "ESP"]
[BlackTeamCountry "ESP"]

1. e4 c5 2. c3 b6 3. d4 Bb7 4. Bd3 Nf6 5. Nd2 cxd4 6. cxd4 Nc6 7. Ne2 e6 8. a3 Be7 9. 0-0 0-0 10. Nf3 d5 11. e5 Ne4 12. Re1 f5 13. exf6 Bxf6 14. Bb1 e5 15. Be3 Ng5 16. Nxe5 Nxe5 17. dxe5 Bxe5 18. f4 d4 19. Bc1 Nh3+ 20. gxh3 Qc8 21. Qd3 g6 22. Nxd4 Bxf4 23. Ba2+ Kh8 24. Bxf4 Rxf4 25. Qg3 Rf6 26. Qe5 Qf8 27. Rf1 Re8 28. Qxf6+ 1-0

[Event "Aragon-chT Preferente Gr II"]
[Site "Aragon"]
[Date "2022.03.26"]
[Round "9.64"]
[White "Veras Sanz, Marino"]
[Black "Accattato Martin, Mario"]
[Result "0-1"]
[WhiteElo "2062"]
[BlackElo "2256"]
[PlyCount "60"]
[EventDate "2022.01.29"]
[EventType "team-tourn"]
[EventRounds "9"]
[EventCountry "ESP"]
[SourceTitle "EXT 2024"]
[Source "ChessBase"]
[SourceDate "2023.10.10"]
[SourceVersion "1"]
[SourceVersionDate "2023.10.10"]
[SourceQuality "1"]
[WhiteTeam "El Olivar II"]
[BlackTeam "Monzon"]
[WhiteTeamCountry "ESP"]
[BlackTeamCountry "ESP"]

1. Nf3 d5 2. g3 Nf6 3. Bg2 g6 4. 0-0 Bg7 5. d4 0-0 6. c4 c6 7. cxd5 cxd5 8. Ne5 Ne4 9. Nc3 Nxc3 10. bxc3 f6 11. Nf3 Nc6 12. Qa4 Na5 13. Nd2 Bd7 14. Qb4 Bc6 15. Ba3 Rc8 16. e4 e6 17. exd5 Bxd5 18. Bxd5 Qxd5 19. Nb3 Nc4 20. Nc5 Nd2 21. c4 Nxc4 22. Rfe1 Rfe8 23. Rac1 Nxa3 24. Qxa3 Bf8 25. Qxa7 Qxd4 26. Qxb7 Bxc5 27. Red1 Qxf2+ 28. Kh1 Bf8 29. Rxc8 Rxc8 30. Qd7 Qf3+ 0-1

[Event "Aragon-chT Preferente Gr II"]
[Site "Aragon"]
[Date "2022.02.05"]
[Round "2.61"]
[White "Veras Sanz, Marino"]
[Black "Franco Ibanez, Carlos"]
[Result "1-0"]
[WhiteElo "2062"]
[BlackElo "1913"]
[PlyCount "77"]
[EventDate "2022.01.29"]
[EventType "team-tourn"]
[EventRounds "9"]
[EventCountry "ESP"]
[SourceTitle "EXT 2024"]
[Source "ChessBase"]
[SourceDate "2023.10.10"]
[SourceVersion "1"]
[SourceVersionDate "2023.10.10"]
[SourceQuality "1"]
[WhiteTeam "El Olivar II"]
[BlackTeam "Shatranj"]
[WhiteTeamCountry "ESP"]
[BlackTeamCountry "ESP"]

1. e4 e5 2. Nf3 Nc6 3. d4 exd4 4. Nxd4 Bc5 5. Nb3 Bb4+ 6. c3 Be7 7. f4 d6 8. Bc4 Bh4+ 9. g3 Bf6 10. 0-0 Bh3 11. Bxf7+ Kf8 12. Re1 Qd7 13. Bc4 h5 14. Be2 Nh6 15. f5 Ne5 16. Nd4 Bg4 17. Qb3 c6 18. Ne6+ Ke7 19. Bf4 g6 20. Bxg4 hxg4 21. Bxe5 Bxe5 22. f6+ Bxf6 23. Nf4 Rhg8 24. e5 Bxe5 25. Nd2 Kd8 26. Ne4 Re8 27. Rad1 b6 28. Nxg6 Kc7 29. Nxe5 Rxe5 30. Rxd6 Qxd6 31. Nxd6 Rxe1+ 32. Kf2 Re7 33. Nc4 Rf8+ 34. Kg1 Re1+ 35. Kg2 Re2+ 36. Kg1 Rff2 37. Qa3 Nf5 38. Qxa7+ Kd8 39. Qxb6+ 1-0

[Event "Aragon-chT Preferente Gr-II"]
[Site "Aragon"]
[Date "2020.03.07"]
[Round "7.52"]
[White "Sierra Aguerri, Joaquin"]
[Black "Veras Sanz, Marino"]
[Result "1/2-1/2"]
[WhiteElo "2097"]
[BlackElo "2076"]
[PlyCount "107"]
[EventDate "2020.01.25"]
[EventType "team-tourn"]
[EventRounds "9"]
[EventCountry "ESP"]
[SourceTitle "EXT 2022"]
[Source "ChessBase"]
[SourceDate "2021.10.06"]
[SourceVersion "1"]
[SourceVersionDate "2021.10.06"]
[SourceQuality "1"]
[WhiteTeam "Tauste"]
[BlackTeam "El Olivar II"]
[WhiteTeamCountry "ESP"]
[BlackTeamCountry "ESP"]

1. e4 c5 2. Nc3 Nc6 3. f4 g6 4. Nf3 Bg7 5. Bb5 Nd4 6. 0-0 a6 7. Bc4 b5 8. Bd5 Rb8 9. d3 e6 10. Bb3 Ne7 11. Nxd4 cxd4 12. Ne2 d5 13. e5 Qb6 14. Qe1 h5 15. Bd2 Nf5 16. Ba5 Qa7 17. Rf3 Ne3 18. Qf2 Nf5 19. Bc3 Bf8 20. Bxd4 Nxd4 21. Nxd4 Bc5 22. c3 Bxd4 23. Qxd4 Qxd4+ 24. cxd4 Bb7 25. Rc1 Kd7 26. Rc5 Rbc8 27. Rf1 Rxc5 28. dxc5 d4 29. Rc1 Kc7 30. Kf2 Rd8 31. Kg3 Bd5 32. Bd1 Kc6 33. Bf3 Bxf3 34. Kxf3 Rd5 35. b4 g5 36. g3 gxf4 37. Kxf4 f6 38. Re1 a5 39. a3 axb4 40. axb4 f5 41. Kg5 Rd7 42. Kf6 Kd5 43. Kg6 Ra7 44. c6 Kxc6 45. Rc1+ Kd7 46. Rc5 Ra3 47. Rxb5 Rxd3 48. Rb7+ Kc6 49. Re7 Kd5 50. Kf6 h4 51. Rd7+ Ke4 52. Kxe6 hxg3 53. hxg3 Rxg3 54. Kf6 1/2-1/2

[Event "Aragon-chT Preferente Gr-II"]
[Site "Aragon"]
[Date "2020.02.08"]
[Round "3.53"]
[White "Moya Gimeno, Raul"]
[Black "Veras Sanz, Marino"]
[Result "0-1"]
[WhiteElo "1851"]
[BlackElo "2076"]
[PlyCount "66"]
[EventDate "2020.01.25"]
[EventType "team-tourn"]
[EventRounds "9"]
[EventCountry "ESP"]
[SourceTitle "EXT 2022"]
[Source "ChessBase"]
[SourceDate "2021.10.06"]
[SourceVersion "1"]
[SourceVersionDate "2021.10.06"]
[SourceQuality "1"]
[WhiteTeam "Marcos Frechin II"]
[BlackTeam "El Olivar II"]
[WhiteTeamCountry "ESP"]
[BlackTeamCountry "ESP"]

1. e4 d6 2. d4 Nf6 3. Nc3 e5 4. Nf3 Nbd7 5. Bc4 Be7 6. h3 0-0 7. 0-0 a6 8. a4 b6 9. Re1 Bb7 10. d5 c6 11. dxc6 Bxc6 12. Bg5 Qc7 13. Bxf6 Nxf6 14. Qd3 Bb7 15. Rad1 Qc5 16. Re2 Nh5 17. g3 Nxg3 18. Red2 Nh5 19. Nd5 Bxd5 20. Qxd5 Qc8 21. Nxe5 dxe5 22. Qxe5 Qxc4 23. Qxe7 Rae8 24. Qg5 Nf6 25. Rd4 Qe2 26. R1d3 Nxe4 27. Qh4 Nc5 28. Rg3 g6 29. Qh6 Qe1+ 30. Kg2 Qe5 31. Rh4 Qg7 32. Qc1 Ne4 33. Rgg4 f5 0-1

[Event "Aragon-chT Preferente Gr-II"]
[Site "Aragon"]
[Date "2019.02.16"]
[Round "4.69"]
[White "Veras Sanz, Marino"]
[Black "Accattato Martin, Mario"]
[Result "0-1"]
[WhiteElo "2084"]
[BlackElo "2215"]
[PlyCount "90"]
[EventDate "2019.01.26"]
[EventType "team-tourn"]
[EventRounds "9"]
[EventCountry "ESP"]
[SourceTitle "EXT 2020"]
[Source "ChessBase"]
[SourceDate "2019.10.17"]
[SourceVersion "1"]
[SourceVersionDate "2019.10.17"]
[SourceQuality "1"]
[WhiteTeam "El Olivar II"]
[BlackTeam "Monzon"]
[WhiteTeamCountry "ESP"]
[BlackTeamCountry "ESP"]

1. Nf3 Nf6 2. g3 b5 3. a4 b4 4. Bg2 Bb7 5. 0-0 e6 6. b3 Be7 7. Bb2 0-0 8. d3 d5 9. Nbd2 a5 10. e4 dxe4 11. Ng5 Nd5 12. Nxe6 fxe6 13. Qg4 Bf6 14. Qxe6+ Kh8 15. Bxf6 Nxf6 16. Nxe4 Nxe4 17. Bxe4 Bxe4 18. Qxe4 Nd7 19. Rae1 Nf6 20. Qc6 Qd6 21. Re6 Qxc6 22. Rxc6 Ra7 23. Re1 Re8 24. Re3 Kg8 25. Kg2 Kf7 26. Kf3 Nd5 27. Re4 Rxe4 28. dxe4 Ne7 29. Rc5 Ke6 30. Ke3 Kd6 31. Rh5 h6 32. f4 Ra6 33. Kd3 Ke6 34. Rc5 Rd6+ 35. Ke2 Rc6 36. Re5+ Kd6 37. Kd2 Rc5 38. Rxc5 Kxc5 39. Ke3 Nc6 40. g4 g5 41. f5 Ne5 42. h3 c6 43. f6 Kd6 44. Kd4 c5+ 45. Ke3 Ke6 0-1

[Event "Aragon-chT Preferente Gr-II"]
[Site "Aragon"]
[Date "2019.02.02"]
[Round "2.69"]
[White "Escartin Lacasa, Jose"]
[Black "Veras Sanz, Marino"]
[Result "1-0"]
[WhiteElo "1976"]
[BlackElo "2084"]
[PlyCount "139"]
[EventDate "2019.01.26"]
[EventType "team-tourn"]
[EventRounds "9"]
[EventCountry "ESP"]
[SourceTitle "EXT 2020"]
[Source "ChessBase"]
[SourceDate "2019.10.17"]
[SourceVersion "1"]
[SourceVersionDate "2019.10.17"]
[SourceQuality "1"]
[WhiteTeam "Jaque II"]
[BlackTeam "El Olivar II"]
[WhiteTeamCountry "ESP"]
[BlackTeamCountry "ESP"]

1. d4 Nf6 2. Nf3 d5 3. Bf4 e6 4. e3 c5 5. c3 Bd6 6. Bg3 Nc6 7. Nbd2 0-0 8. Bd3 b6 9. Ne5 Qc7 10. f4 Ne7 11. Bf2 Bb7 12. Qf3 cxd4 13. exd4 Nd7 14. Qh3 Nf6 15. Qf3 Nd7 16. 0-0-0 f5 17. Nxd7 Qxd7 18. Rhe1 Ng6 19. g3 b5 20. Qe2 Rfe8 21. Bxb5 Bc6 22. Bxc6 Qxc6 23. Nf3 Rab8 24. Qd3 Qa4 25. Kb1 Ba3 26. Rd2 Rb6 27. Ree2 Reb8 28. Ka1 Be7 29. Re1 Ra6 30. b4 Rc6 31. Rb1 Qa3 32. Rc2 Bxb4 33. Rb3 Bxc3+ 34. Rbxc3 Rcb6 35. Qd1 Qa6 36. Qc1 Rb1+ 37. Qxb1 Rxb1+ 38. Kxb1 h6 39. h4 Qf1+ 40. Kb2 a5 41. h5 Nf8 42. Rb3 a4 43. Rbc3 Qb5+ 44. Kc1 Nd7 45. Rc8+ Kh7 46. Ne5 Nf6 47. Ng6 Qf1+ 48. Kb2 a3+ 49. Kxa3 Qa6+ 50. Kb2 Nxh5 51. Nf8+ Kg8 52. Nxe6+ Kh7 53. Nf8+ Kg8 54. a3 Qd3 55. Ng6+ Kh7 56. Ne5 Qb5+ 57. Ka2 Nf6 58. Nf7 Kg6 59. R8c7 Ne4 60. Be1 Qf1 61. Bb4 Nxg3 62. Ne5+ Kh7 63. Bf8 Nh5 64. Rh2 Qxf4 65. Rxh5 Qd2+ 66. Kb3 Qd1+ 67. Kb4 Qxd4+ 68. Ka5 Qd2+ 69. Bb4 Qe2 70. Rxf5 1-0

[Event "Aragon-chT Preferente A"]
[Site "Aragon"]
[Date "2012.03.17"]
[Round "7.42"]
[White "Veras Sanz, Marino"]
[Black "Alonso Blasco, Jose Miguel"]
[Result "1-0"]
[WhiteElo "2037"]
[BlackElo "2119"]
[PlyCount "57"]
[EventDate "2012.02.04"]
[EventType "team"]
[EventRounds "9"]
[EventCountry "ESP"]
[SourceTitle "EXT 2014"]
[Source "ChessBase"]
[SourceDate "2013.11.20"]
[SourceVersion "1"]
[SourceVersionDate "2013.11.20"]
[SourceQuality "1"]
[WhiteTeam "Olivar II"]
[BlackTeam "Las Fuentes"]
[WhiteTeamCountry "ESP"]
[BlackTeamCountry "ESP"]

1. d4 Nf6 2. Nf3 e6 3. c4 Bb4+ 4. Nbd2 d5 5. e3 0-0 6. a3 Be7 7. Bd3 b6 8. 0-0 Bb7 9. Qc2 Nbd7 10. e4 dxe4 11. Nxe4 c5 12. Rd1 Qc7 13. Bg5 h6 14. Bh4 cxd4 15. Bg3 Qc8 16. Nxd4 Nxe4 17. Bxe4 Bxe4 18. Qxe4 Qxc4 19. Rac1 Qd5 20. Qxd5 exd5 21. Rc7 Rfd8 22. Nc6 Kf8 23. Nxd8 Rxd8 24. Rxd5 Re8 25. Rdxd7 Bf6 26. Bd6+ Kg8 27. Be7 Kh7 28. g3 Bxb2 29. Rd8 1-0

[Event "Aragon-chT Honor II"]
[Site "Spain"]
[Date "2011.02.05"]
[Round "1.24"]
[White "Vasilev, Vas"]
[Black "Veras Sanz, Marino"]
[Result "0-1"]
[WhiteElo "1966"]
[BlackElo "2051"]
[PlyCount "100"]
[EventDate "2011.02.05"]
[EventType "team-tourn"]
[EventRounds "7"]
[EventCountry "ESP"]
[SourceTitle "EXT 2013"]
[Source "ChessBase"]
[SourceDate "2012.11.22"]
[SourceVersion "1"]
[SourceVersionDate "2012.11.22"]
[SourceQuality "1"]
[WhiteTeam "Caissa"]
[BlackTeam "Olivar II"]
[WhiteTeamCountry "ESP"]
[BlackTeamCountry "ESP"]

1. d4 d6 2. Nf3 g6 3. c4 Bg7 4. Nc3 c5 5. d5 Bxc3+ 6. bxc3 Qa5 7. e4 Nf6 8. Qb3 Nxe4 9. Bd3 Nf6 10. 0-0 0-0 11. Bh6 Re8 12. Rae1 Qa6 13. h3 Nxd5 14. cxd5 Qxd3 15. Re3 Qa6 16. Rfe1 Qa5 17. Rxe7 Rxe7 18. Rxe7 Qd8 19. Re2 Bf5 20. c4 Na6 21. g4 Bd7 22. Qc3 f6 23. g5 Bxh3 24. gxf6 Qd7 25. f7+ Qxf7 26. Ng5 Qd7 27. Nxh3 Nc7 28. Qf6 Qf7 29. Qxf7+ Kxf7 30. Ng5+ Kf6 31. Nxh7+ Kf5 32. Bf8 Re8 33. Kf1 Rxe2 34. Kxe2 Ne8 35. Ke3 g5 36. f3 Kg6 37. f4 gxf4+ 38. Kxf4 Kxh7 39. Kf5 Kg8 40. Bh6 Kf7 41. a4 b6 42. Bf4 Ke7 43. Kg6 Nc7 44. Kf5 a6 45. Ke4 b5 46. axb5 axb5 47. cxb5 Nxb5 48. Bd2 Nc7 49. Ba5 Ne8 50. Bc3 Nf6+ 0-1

[Event "Aragon-chT Preferente"]
[Site "Spain"]
[Date "2010.03.20"]
[Round "9.29"]
[White "Veras Sanz, Marino"]
[Black "Hinojar Basa, Alfonso"]
[Result "0-1"]
[WhiteElo "2080"]
[BlackElo "2223"]
[PlyCount "44"]
[EventDate "2010.01.23"]
[EventType "team-swiss"]
[EventRounds "12"]
[EventCountry "ESP"]
[SourceTitle "EXT 2013"]
[Source "ChessBase"]
[SourceDate "2012.11.22"]
[SourceVersion "1"]
[SourceVersionDate "2012.11.22"]
[SourceQuality "1"]
[WhiteTeam "El Olivar II"]
[BlackTeam "Marcos Frechin"]
[WhiteTeamCountry "ESP"]
[BlackTeamCountry "ESP"]

1. Nf3 Nf6 2. g3 e6 3. Bg2 d5 4. d4 Be7 5. 0-0 0-0 6. c4 dxc4 7. Qc2 a6 8. a4 Bd7 9. Ne5 Nc6 10. Nxc6 Bxc6 11. Bxc6 bxc6 12. Qxc4 Qd5 13. Qxd5 cxd5 14. Bg5 Rfb8 15. Rc1 Rxb2 16. Rxc7 Bd8 17. Rc6 Rxe2 18. Nc3 Rc2 19. Rb1 Ne4 20. Bxd8 Rxc3 21. Rxc3 Nxc3 22. Rb4 Rxd8 0-1

[Event "Aragon-chT Preferente"]
[Site "Spain"]
[Date "2010.02.06"]
[Round "3.17"]
[White "Guzman Moneo, Alberto"]
[Black "Veras Sanz, Marino"]
[Result "1-0"]
[WhiteElo "2215"]
[BlackElo "2080"]
[PlyCount "111"]
[EventDate "2010.01.23"]
[EventType "team-swiss"]
[EventRounds "12"]
[EventCountry "ESP"]
[SourceTitle "EXT 2013"]
[Source "ChessBase"]
[SourceDate "2012.11.22"]
[SourceVersion "1"]
[SourceVersionDate "2012.11.22"]
[SourceQuality "1"]
[WhiteTeam "Shatranj"]
[BlackTeam "El Olivar II"]
[WhiteTeamCountry "ESP"]
[BlackTeamCountry "ESP"]

1. Nf3 d6 2. d4 g6 3. e4 Bg7 4. Bc4 Nf6 5. Qe2 0-0 6. 0-0 c6 7. e5 dxe5 8. dxe5 Nd5 9. h3 Qc7 10. Bb3 a5 11. c4 a4 12. Bd1 Nb4 13. a3 N4a6 14. Nc3 Nc5 15. Bc2 Be6 16. Re1 Nbd7 17. Be3 Ra5 18. Bd4 Nb6 19. Nd2 Rd8 20. Qe3 Ncd7 21. c5 Nxc5 22. Bxc5 Rxc5 23. Qxc5 Rxd2 24. Bxa4 Nxa4 25. Nxa4 Rd5 26. Qb6 Bxe5 27. Qxc7 Bxc7 28. Nc3 Rg5 29. Ne4 Rb5 30. b4 Be5 31. Rad1 Bb2 32. Re3 Bd5 33. Nc3 Bxc3 34. Rxc3 Rb6 35. f4 Ra6 36. Kf2 b5 37. g4 Kg7 38. Ke3 h6 39. h4 Kf6 40. Kd4 g5 41. fxg5+ hxg5 42. Rf1+ Kg7 43. hxg5 Ra8 44. Kc5 Be6 45. Rf4 Rd8 46. Kb6 Rb8+ 47. Kc7 Rc8+ 48. Kb7 Rh8 49. Rd4 Bd5 50. a4 bxa4 51. b5 Rd8 52. Kc7 Rd6 53. b6 a3 54. Rxa3 c5 55. Rxd5 Rxd5 56. b7 1-0

[Event "Aragon-chT"]
[Site "Aragon"]
[Date "2009.03.14"]
[Round "7"]
[White "Veras Sanz, Marino"]
[Black "Gimenez Martinez, Alberto"]
[Result "0-1"]
[WhiteElo "2081"]
[BlackElo "2090"]
[PlyCount "54"]
[EventDate "2009.01.24"]
[EventType "team-swiss"]
[EventRounds "9"]
[EventCountry "ESP"]
[SourceTitle "EXT 2011"]
[Source "ChessBase"]
[SourceDate "2010.11.26"]
[SourceVersion "1"]
[SourceVersionDate "2010.11.26"]
[SourceQuality "1"]

1. Nf3 Nf6 2. g3 d5 3. Bg2 Bf5 4. 0-0 e6 5. c4 c6 6. d3 h6 7. h3 Nbd7 8. Be3 Bd6 9. Qb3 Qb8 10. Nbd2 e5 11. Nh4 Be6 12. f4 d4 13. f5 Nc5 14. Qc2 dxe3 15. fxe6 exd2 16. exf7+ Kd7 17. Ng6 Rd8 18. d4 exd4 19. Qf5+ Kc7 20. b4 Ncd7 21. c5 Bf8 22. Kh2 Kc8 23. Rf4 a5 24. Rxd4 axb4 25. Rxd2 Ra5 26. Rc1 h5 27. Nf4 Qe5 0-1

[Event "Aragon-chT"]
[Site "Aragon"]
[Date "2009.02.21"]
[Round "4"]
[White "Gil Capape, Marco Antonio"]
[Black "Veras Sanz, Marino"]
[Result "1-0"]
[WhiteElo "2161"]
[BlackElo "2081"]
[PlyCount "67"]
[EventDate "2009.01.24"]
[EventType "team-swiss"]
[EventRounds "9"]
[EventCountry "ESP"]
[SourceTitle "EXT 2011"]
[Source "ChessBase"]
[SourceDate "2010.11.26"]
[SourceVersion "1"]
[SourceVersionDate "2010.11.26"]
[SourceQuality "1"]

1. e4 c5 2. Nf3 d6 3. Bc4 Nc6 4. 0-0 Nf6 5. d3 g6 6. Re1 Bg7 7. h3 0-0 8. a3 d5 9. exd5 Nxd5 10. c3 b6 11. Bg5 Bb7 12. Qe2 h6 13. Qe4 Nf6 14. Bxf6 Bxf6 15. Qxg6+ Bg7 16. b4 b5 17. Ba2 c4 18. Qf5 Qxd3 19. Qxb5 Qd7 20. Bxc4 a5 21. Ra2 Qc7 22. Qc5 Qf4 23. Bd5 Rfc8 24. g3 Qf5 25. Nh4 Qxh3 26. Bg2 Qd7 27. Rd2 Qg4 28. Re4 Qg5 29. Nf5 Nxb4 30. Nxe7+ Kh8 31. Qxg5 hxg5 32. Nxc8 Bxe4 33. Rd8+ Bf8 34. Bxe4 1-0

[Event "Aragon-chT"]
[Site "Aragon"]
[Date "2008.04.05"]
[Round "8"]
[White "Vera Jimenez, Andres"]
[Black "Veras Sanz, Marino"]
[Result "0-1"]
[WhiteElo "2035"]
[BlackElo "2063"]
[PlyCount "116"]
[EventDate "2008.02.02"]
[EventType "team-swiss"]
[EventRounds "12"]
[EventCountry "ESP"]
[SourceTitle "EXT 2011"]
[Source "ChessBase"]
[SourceDate "2010.11.26"]
[SourceVersion "1"]
[SourceVersionDate "2010.11.26"]
[SourceQuality "1"]

1. d4 d6 2. Nf3 g6 3. c4 Bg7 4. Nc3 c5 5. g3 Nc6 6. d5 Ne5 7. Nxe5 Bxe5 8. Bg2 h5 9. Bd2 Nh6 10. e4 Bd7 11. Qc1 Bg7 12. Ne2 h4 13. Bc3 Kf8 14. Qf4 Bxc3+ 15. Nxc3 Ng4 16. Qd2 Ne5 17. Qe2 Bg4 18. f3 h3 19. fxg4 hxg2 20. Qxg2 Nxg4 21. Qe2 Ne5 22. h4 Qd7 23. 0-0-0 Qg4 24. Qxg4 Nxg4 25. Rhe1 Ne5 26. b3 Kg7 27. Ne2 a6 28. Kc2 b5 29. Kc3 Rhb8 30. cxb5 axb5 31. Nc1 b4+ 32. Kb2 Ra3 33. Kb1 c4 34. bxc4 Nxc4 35. Nb3 Rba8 36. Re2 Nb6 37. Rdd2 Na4 38. Rc2 Nc3+ 39. Rxc3 bxc3 40. Rc2 Rc8 41. Nd4 Rc4 42. Ne2 Rxe4 43. Nxc3 Rg4 44. Kb2 Ra5 45. Rg2 Rb4+ 46. Kc2 Rc4 47. Kd3 Rcc5 48. a4 Rxc3+ 49. Kxc3 Rxa4 50. Kb3 Rd4 51. Re2 Rxd5 52. Rxe7 Rd3+ 53. Kc4 Rxg3 54. Re4 f5 55. Re7+ Kh6 56. Kd5 Rg4 57. Kxd6 Rxh4 58. Ke5 Re4+ 0-1

[Event "Aragon-chT Autonomico"]
[Site "Aragon"]
[Date "2007.03.10"]
[Round "7"]
[White "Veras Sanz, Marino"]
[Black "Bayod Rubia, Angel"]
[Result "1/2-1/2"]
[WhiteElo "2069"]
[BlackElo "2080"]
[PlyCount "102"]
[EventDate "2007.01.27"]
[EventType "team"]
[EventRounds "9"]
[EventCountry "ESP"]
[SourceTitle "EXT 2008"]
[Source "ChessBase"]
[SourceDate "2007.11.25"]
[SourceVersion "1"]
[SourceVersionDate "2007.11.25"]
[SourceQuality "1"]
[WhiteTeam "CAI Olivar III"]
[BlackTeam "CAI Olivar IV"]
[WhiteTeamCountry "ESP"]
[BlackTeamCountry "ESP"]

1. d4 Nf6 2. c4 c5 3. Nf3 cxd4 4. Nxd4 Nc6 5. g3 g6 6. Bg2 Bg7 7. 0-0 0-0 8. Nc3 Nxd4 9. Qxd4 d6 10. Qd3 Rb8 11. h3 Nd7 12. b3 Nc5 13. Qd2 Bf5 14. Bb2 h5 15. e4 Be6 16. b4 Nd7 17. Nd5 f6 18. Rac1 Kh7 19. f4 Bh6 20. Bd4 b6 21. Qe2 Bf7 22. Rce1 e6 23. Nc3 Rc8 24. e5 dxe5 25. fxe5 Qc7 26. c5 bxc5 27. bxc5 fxe5 28. Nb5 Qb8 29. c6 exd4 30. cxd7 Be3+ 31. Kh2 Rc5 32. Rb1 h4 33. Rf3 Rf5 34. Nxd4 hxg3+ 35. Rxg3 Qxb1 36. Rxe3 Ra5 37. Nc6 Rxa2 38. Qd3 Qb7 39. Qc4 Qc7+ 40. Rg3 e5 41. Qh4+ Kg7 42. d8Q Rxd8 43. Nxd8 Bd5 44. Qg5 Qd6 45. h4 Qf6 46. Qxf6+ Kxf6 47. Kh3 Bxg2+ 48. Rxg2 Rxg2 49. Kxg2 a5 50. Nc6 a4 51. Kf3 g5 1/2-1/2